[Event "Bad Woerishofen 2017 - Senioren"]
[Site "Bad Woerishofen"]
[Date "2017.03.15"]
[Round "3.53"]
[White "Braeu, Emmi"]
[Black "Wawrinsky, Ludwig"]
[Result "0-1"]
[WhiteElo "1558"]
[BlackElo "1753"]
[Annotator "chessorg"]
[PlyCount "96"]
[EventDate "2017.??.??"]
[WhiteTeam "SK Marktoberdorf"]
[BlackTeam "1.SK Neuperlach e.V."]

1. g3 d5 2. Bg2 e5 3. c4 d4 4. d3 Bb4+ 5. Bd2 Bxd2+ 6. Nxd2 Nf6 7. Ne4 O-O 8.
Nxf6+ Qxf6 9. Nf3 Nc6 10. O-O Qh6 11. Qd2 Qxd2 12. Nxd2 f5 13. Bd5+ Kh8 14. f4
exf4 15. Rxf4 g5 16. Rff1 Ne7 17. Bg2 g4 18. Nb3 Rd8 19. Rf4 Nc6 20. Bxc6 bxc6
21. Rxd4 Re8 22. Kf2 a5 23. Nc5 a4 24. e4 Ra5 25. Nd7 Rd8 26. Ke3 Rxd7 27. Rxd7
Bxd7 28. Rf1 Kg7 29. Kf4 Kf6 30. e5+ Rxe5 31. b4 axb3 32. axb3 Re2 33. Ra1 Rxh2
34. Ra7 Rf2+ 35. Ke3 Rf3+ 36. Kd4 Rxg3 37. Rxc7 Ke6 38. Rb7 h5 39. Rb8 h4 40.
Rh8 Kf6 41. Rh6+ Kg7 42. Rd6 Be8 43. Re6 Bf7 44. Rxc6 h3 45. Rc7 h2 46. c5 h1=Q
47. c6 Qa1+ 48. Kc5 Qa5+ 0-1

[Event "Bad Woerishofen 2017 - Senioren"]
[Site "Bad Woerishofen"]
[Date "2017.03.15"]
[Round "3.54"]
[White "Weyand, Fernand"]
[Black "Buss, Richard"]
[Result "1/2-1/2"]
[WhiteElo "1747"]
[BlackElo "1575"]
[Annotator "chessorg"]
[PlyCount "74"]
[EventDate "2017.??.??"]
[WhiteTeam "SVG Saarbruecken 1970 e.V."]
[BlackTeam "VfR Heisfelde e.V."]

1. e4 e5 2. Nf3 Nc6 3. Bb5 Bc5 4. O-O d6 5. d4 exd4 6. Nxd4 Bxd4 7. Qxd4 f6 8.
Qa4 Bd7 9. Nc3 a6 10. Bxc6 Bxc6 11. Qb3 Ne7 12. Be3 Ng6 13. f4 Qd7 14. Rad1 Qf7
15. Nd5 Rc8 16. c4 O-O 17. Qd3 Rcd8 18. Nc3 Rfe8 19. b4 Qe7 20. Rfe1 b6 21. Bc1
Qf7 22. Re2 Bb7 23. g3 Bc8 24. Re3 Bg4 25. Rde1 Be6 26. Nd5 Bc8 27. Bb2 Bb7 28.
Nc3 c6 29. a4 Qe7 30. Nd1 c5 31. b5 a5 32. Nc3 Qf7 33. Nd5 Bxd5 34. Qxd5 Qxd5
35. exd5 Rxe3 36. Rxe3 Kf7 37. Kf2 Re8 1/2-1/2

[Event "Bad Woerishofen 2017 - Senioren"]
[Site "Bad Woerishofen"]
[Date "2017.03.12"]
[Round "3.56"]
[White "Zappi, Adriano"]
[Black "Mack, Friedemann"]
[Result "0-1"]
[WhiteElo "1729"]
[BlackElo "1517"]
[Annotator "chessorg"]
[PlyCount "48"]
[EventDate "2017.??.??"]
[WhiteTeam "Merania"]
[BlackTeam "TSG Steinheim"]

1. f4 d5 2. Nf3 Nc6 3. e3 Nf6 4. Be2 e6 5. O-O Bd6 6. Nc3 O-O 7. Nb5 Bc5 8. b3
a6 9. Nc3 d4 10. Na4 Ba7 11. h3 b5 12. Nb2 dxe3 13. dxe3 Nd5 14. Kh2 Bxe3 15.
Ne5 Bxc1 16. Nxc6 Bxf4+ 17. Rxf4 Qd6 18. Ne7+ Qxe7 19. Rf3 Bb7 20. Rd3 Qf6 21.
c4 Nf4 22. Rd2 Nxg2 23. Qf1 Qe5+ 24. Kg1 Qe3+ 0-1

[Event "Bad Woerishofen 2017 - Senioren"]
[Site "Bad Woerishofen"]
[Date "2017.03.15"]
[Round "3.57"]
[White "Gepting, Konrad"]
[Black "Harke, Horst"]
[Result "0-1"]
[WhiteElo "1606"]
[BlackElo "1836"]
[Annotator "chessorg"]
[PlyCount "138"]
[EventDate "2017.??.??"]
[WhiteTeam "SK Marktoberdorf"]
[BlackTeam "SK Varel"]

1. d4 d5 2. Nc3 c6 3. e4 dxe4 4. Nxe4 Bf5 5. Nc3 e6 6. Nf3 Nf6 7. h3 h6 8. Bc4
Be7 9. Bb3 Bb4 10. Bd2 Bxc3 11. Bxc3 O-O 12. Nd2 Re8 13. Qf3 Bg6 14. O-O-O a5
15. a4 b5 16. axb5 Nd5 17. bxc6 Nxc6 18. Ba4 Rc8 19. Nb3 Nxc3 20. bxc3 Qb6 21.
Kd2 Red8 22. Rb1 Rd5 23. Nc5 Qxc5 24. Bxc6 Qxc6 25. Rb2 Qd6 26. Rhb1 Rf5 27.
Qe2 e5 28. Ke1 exd4 29. cxd4 Rf6 30. Kf1 Qh2 31. f3 Qd6 32. Rd1 Re6 33. Qd2
Qa6+ 34. Kg1 Re2 35. Qf4 Qe6 36. d5 Qe3+ 37. Qxe3 Rxe3 38. Rd2 Re7 39. d6 Rd7
40. Ra2 Rc6 41. Rxa5 Rcxd6 42. Rxd6 Rxd6 43. c4 Rc6 44. c5 Kf8 45. Kf2 Ke7 46.
Ke3 Ke6 47. Kd4 f5 48. f4 h5 49. h4 Be8 50. Ra7 Bd7 51. Ra8 Rc8 52. Ra6+ Bc6
53. g3 Rd8+ 54. Kc4 Rc8 55. Ra7 Bd7 56. Ra6+ Rc6 57. Ra8 Kf6 58. Ra7 Be8 59.
Kd5 Re6 60. Rc7 Re3 61. Rc8 Bf7+ 62. Kd6 Rd3+ 63. Kc7 Ke7 64. Rb8 Rxg3 65. Rb2
Rg4 66. Re2+ Be6 67. c6 Rxf4 68. Kb6 Rxh4 69. c7 Rc4 0-1

[Event "Bad Woerishofen 2017 - Senioren"]
[Site "Bad Woerishofen"]
[Date "2017.03.15"]
[Round "3.58"]
[White "Chochoy, Patrick"]
[Black "Flockerzi, Armin"]
[Result "1/2-1/2"]
[WhiteElo "1582"]
[BlackElo "1822"]
[Annotator "chessorg"]
[PlyCount "100"]
[EventDate "2017.??.??"]
[WhiteTeam "Echiquier de Franconville"]
[BlackTeam "VfR-SC Koblenz"]

1. e4 e5 2. Nf3 Nf6 3. Nxe5 d6 4. Nf3 Nxe4 5. Nc3 Nxc3 6. dxc3 Be7 7. Be3 O-O
8. Qd2 Re8 9. O-O-O Bf6 10. Kb1 Nd7 11. h4 Nf8 12. Ng5 Bf5 13. h5 b6 14. Nh3
Qd7 15. h6 g6 16. Bd4 Qd8 17. f3 Bxh3 18. Rxh3 Ne6 19. Be3 Qd7 20. f4 Nf8 21.
Bd4 Bxd4 22. Qxd4 Ne6 23. Qf2 f5 24. Bc4 Kf8 25. Re3 c6 26. Bxe6 Rxe6 27. Rxe6
Qxe6 28. Re1 Qf6 29. Qe3 Rd8 30. Qf3 d5 31. g4 Re8 32. Rxe8+ Kxe8 33. g5 Qe6
34. a3 Kd7 35. Qf2 Kc7 36. Qd4 Qe7 37. c4 dxc4 38. Qxc4 b5 39. Qd4 c5 40. Qc3
Kc6 41. b4 c4 42. a4 a6 43. Qf3+ Kc7 44. Qc3 Kd7 45. axb5 axb5 46. Qd4+ Kc7 47.
Qa7+ Kd8 48. Qb6+ Kc8 49. Qc6+ Kd8 50. Qb6+ Kc8 1/2-1/2

[Event "Bad Woerishofen 2017 - Senioren"]
[Site "Bad Woerishofen"]
[Date "2017.03.15"]
[Round "3.59"]
[White "Kirchhof, Manfred"]
[Black "Fuchs, Joachim"]
[Result "0-1"]
[WhiteElo "1530"]
[BlackElo "1736"]
[Annotator "chessorg"]
[PlyCount "72"]
[EventDate "2017.??.??"]
[WhiteTeam "SC Unterhaching e.V."]
[BlackTeam "SC Starnberg"]

1. d4 Nf6 2. Nf3 d5 3. e3 c6 4. Nbd2 Bg4 5. Be2 Nbd7 6. h3 Bf5 7. b3 e6 8. O-O
Bd6 9. c4 Rc8 10. Bb2 O-O 11. Nh4 Bg6 12. Nxg6 hxg6 13. Rc1 Bb8 14. cxd5 exd5
15. Nf3 Re8 16. Bd3 Qc7 17. g3 Ne4 18. Qe1 f6 19. h4 Kf7 20. Kg2 Rh8 21. Rh1
Rce8 22. Ba3 Re6 23. Bb4 Rhe8 24. Nd2 Nxg3 25. Rh3 Nh5 26. Qg1 f5 27. f4 Ndf6
28. Re1 Nxf4+ 29. exf4 Rxe1 30. Nf1 R1e6 31. Bd2 Ne4 32. Be3 Nc3 33. Kh1 Rxe3
34. Nxe3 Qxf4 35. Nc2 Ne4 36. Ne1 Nf2+ 0-1

[Event "Bad Woerishofen 2017 - Senioren"]
[Site "Bad Woerishofen"]
[Date "2017.03.15"]
[Round "3.60"]
[White "Hardt, Dieter"]
[Black "Norman, Dinah"]
[Result "1/2-1/2"]
[WhiteElo "1733"]
[BlackElo "1697"]
[Annotator "chessorg"]
[PlyCount "76"]
[EventDate "2017.??.??"]
[WhiteTeam "SG Konstanz"]

1. d4 d5 2. Nf3 Nf6 3. e3 g6 4. Bd3 Bg7 5. c4 c6 6. Qc2 Nbd7 7. Nbd2 O-O 8. e4
dxe4 9. Nxe4 Nxe4 10. Bxe4 Nf6 11. Bd3 c5 12. d5 e6 13. dxe6 Bxe6 14. O-O Qc7
15. h3 Bd7 16. Be3 b6 17. Nh4 Bc6 18. f4 Rfe8 19. Rae1 Be4 20. Rf3 Bxf3 21.
Nxf3 Rad8 22. Ne5 Rxd3 23. Qxd3 Rd8 24. Qc2 Nd7 25. Nf3 Re8 26. Qd2 Nb8 27. Bf2
Rxe1+ 28. Qxe1 Qd7 29. b3 Nc6 30. Qe4 h6 31. Qd5 Qe8 32. Kf1 Bc3 33. Ne5 Nxe5
34. fxe5 Bxe5 35. Qe4 Qb8 36. Qd5 Bg7 37. g3 Qc8 38. Kg2 h5 1/2-1/2

[Event "Bad Woerishofen 2017 - Senioren"]
[Site "Bad Woerishofen"]
[Date "2017.03.15"]
[Round "3.61"]
[White "Walther, Renate"]
[Black "Birkestrand, Odd"]
[Result "0-1"]
[WhiteElo "1196"]
[BlackElo "1726"]
[Annotator "chessorg"]
[PlyCount "110"]
[EventDate "2017.??.??"]
[WhiteTeam "SK 1911 Herzogenaurach"]
[BlackTeam "Norges Sjakkforbund"]

1. e4 e5 2. d4 Nc6 3. d5 Nce7 4. Nc3 Nf6 5. Be3 Ng6 6. Bc4 Bb4 7. Bd2 Bxc3 8.
Bxc3 Nxe4 9. Qf3 Nxc3 10. Qxc3 O-O 11. O-O-O d6 12. g3 Bg4 13. f3 Bd7 14. h4
Re8 15. Ne2 a5 16. h5 Ne7 17. g4 b5 18. Bd3 h6 19. Be4 f5 20. gxf5 Nxf5 21.
Rhg1 Kh8 22. Ng3 Qg5+ 23. Kb1 Nxg3 24. Qe1 Qf4 25. Rxg3 Re7 26. Rd2 b4 27. Rdg2
Bf5 28. Bxf5 Qxf5 29. Qe4 Qxh5 30. c3 bxc3 31. b3 Rf8 32. Kc2 Rf4 33. Qg6 Qxg6+
34. Rxg6 Rxf3 35. Re6 Rxe6 36. dxe6 Rf6 37. e7 Re6 38. Kxc3 Rxe7 39. Rf2 d5 40.
Rf8+ Kh7 41. Ra8 g5 42. Rxa5 c6 43. Kd3 g4 44. Rc5 Re6 45. Rc1 h5 46. a4 h4 47.
Rh1 h3 48. Ke2 Kg6 49. Kf2 Kg5 50. a5 Rf6+ 51. Ke2 c5 52. Rh2 Ra6 53. Ke3 Rxa5
54. Rb2 Rb5 55. Kf2 Kf4 0-1

[Event "Bad Woerishofen 2017 - Senioren"]
[Site "Bad Woerishofen"]
[Date "2017.03.15"]
[Round "3.62"]
[White "Erdmann, Wolfgang"]
[Black "Wraga, Hermann"]
[Result "1/2-1/2"]
[WhiteElo "1725"]
[BlackElo "1683"]
[Annotator "chessorg"]
[PlyCount "64"]
[EventDate "2017.??.??"]
[WhiteTeam "SC Roter Turm Altstadt"]
[BlackTeam "SG Osnabrueck"]

1. d4 f5 2. e3 g6 3. Nf3 Nf6 4. Bd3 Bg7 5. Nbd2 O-O 6. g3 d6 7. c3 Qe8 8. Qe2
e5 9. e4 fxe4 10. Nxe4 Nxe4 11. Bxe4 c6 12. h3 d5 13. Bc2 e4 14. Ng1 Nd7 15.
Be3 a5 16. a4 b6 17. Qd2 Qf7 18. Bd1 Ba6 19. h4 Qe8 20. h5 Qf7 21. hxg6 hxg6
22. Be2 Bxe2 23. Qxe2 Rae8 24. Qg4 Qf5 25. Qh4 Kf7 26. Qf4 Qxf4 27. Bxf4 Rh8
28. Rxh8 Rxh8 29. Kf1 Bh6 30. Bxh6 Rxh6 31. Kg2 Nf6 32. f3 exf3+ 1/2-1/2

[Event "Bad Woerishofen 2017 - Senioren"]
[Site "Bad Woerishofen"]
[Date "2017.03.15"]
[Round "3.63"]
[White "Schnell, Franz"]
[Black "Schwenke, Norbert"]
[Result "1-0"]
[WhiteElo "1723"]
[BlackElo "1627"]
[Annotator "chessorg"]
[PlyCount "63"]
[EventDate "2017.??.??"]
[WhiteTeam "SV Trossingen"]

1. d4 Nf6 2. Nf3 e6 3. Nc3 b6 4. e4 Bb4 5. Bd3 c5 6. O-O cxd4 7. Nxd4 Bb7 8.
Re1 Nc6 9. Bf1 Ne5 10. Bg5 Rc8 11. Re3 h6 12. Bf4 Nc4 13. Bxc4 Rxc4 14. e5 Nd5
15. Nxd5 Bxd5 16. c3 Be7 17. b3 Rc8 18. c4 Bc6 19. h3 Bh4 20. Nxc6 Rxc6 21. Bg3
O-O 22. Bxh4 Qxh4 23. Qxd7 Rcc8 24. Qxa7 Qd4 25. Ree1 Qc5 26. Qb7 Rc7 27. Qf3
Rd7 28. Rad1 Rfd8 29. Rxd7 Rxd7 30. Qe3 Qb4 31. Rc1 Rd2 32. a3 1-0

[Event "Bad Woerishofen 2017 - Senioren"]
[Site "Bad Woerishofen"]
[Date "2017.03.15"]
[Round "3.64"]
[White "Huba, Mark"]
[Black "Sand, Rosemarie"]
[Result "1/2-1/2"]
[WhiteElo "1590"]
[BlackElo "1719"]
[Annotator "chessorg"]
[PlyCount "113"]
[EventDate "2017.??.??"]
[WhiteTeam "Kings Head"]
[BlackTeam "Pfullingen"]

1. c4 c5 2. Nc3 Nc6 3. g3 g6 4. Bg2 Bg7 5. Nf3 e6 6. O-O Nge7 7. d3 O-O 8. e4
d6 9. a3 a6 10. Rb1 Rb8 11. Bg5 h6 12. Bd2 b5 13. cxb5 axb5 14. b4 cxb4 15.
axb4 Bd7 16. Ne2 d5 17. Bc3 Bxc3 18. Nxc3 d4 19. Ne2 e5 20. h3 Rc8 21. g4 Be6
22. Ng3 Kg7 23. Nh2 Qd6 24. Qd2 Kh7 25. f4 exf4 26. Qxf4 Qxf4 27. Rxf4 Ne5 28.
Bf1 Rc2 29. Rf2 Rfc8 30. Nf3 Nxf3+ 31. Rxf3 Rc1 32. Rxc1 Rxc1 33. Ne2 Rb1 34.
Nxd4 Kg7 35. Nxb5 Rxb4 36. Nd6 Nc6 37. Ne8+ Kf8 38. Nc7 Nd4 39. Nxe6+ Nxe6 40.
Rf2 Ke7 41. Kg2 Rb3 42. Kg3 Nc5 43. Rf3 g5 44. Kf2 f6 45. Ke3 Ne6 46. Kd2 Nc5
47. Re3 Ne6 48. Kc2 Nd4+ 49. Kd2 Kd6 50. Rg3 Ke5 51. Rg2 Rb1 52. Rf2 Rb2+ 53.
Ke3 Rb1 54. Bg2 Re1+ 55. Kd2 Ra1 56. Ke3 Re1+ 57. Kd2 1/2-1/2

[Event "Bad Woerishofen 2017 - Senioren"]
[Site "Bad Woerishofen"]
[Date "2017.03.15"]
[Round "3.65"]
[White "Oser, Thor"]
[Black "Traversi, Carlo"]
[Result "1/2-1/2"]
[WhiteElo "1708"]
[BlackElo "1582"]
[Annotator "chessorg"]
[PlyCount "98"]
[EventDate "2017.??.??"]
[WhiteTeam "SK 1929 Joehlingen"]

1. d4 Nf6 2. g3 g6 3. Bg2 Bg7 4. Nf3 d5 5. O-O O-O 6. Nbd2 c6 7. Re1 Re8 8. h3
Nbd7 9. c4 e6 10. b3 Ne4 11. Bb2 Nxd2 12. Qxd2 Nf6 13. e3 a5 14. a4 Bd7 15. Ne5
Qc7 16. Nxd7 Qxd7 17. Qc2 Qc7 18. Rec1 Rac8 19. Bc3 b6 20. c5 bxc5 21. dxc5 Nd7
22. Bxg7 Kxg7 23. Qc3+ Kg8 24. b4 axb4 25. Qxb4 Rb8 26. Qc3 Ra8 27. a5 Ra7 28.
Bf1 Rb8 29. a6 Qe5 30. Qxe5 Nxe5 31. Rcb1 Rxb1 32. Rxb1 Nf3+ 33. Kg2 Nd2 34.
Rb6 Nxf1 35. Kxf1 Kf8 36. Rxc6 Ke7 37. Rd6 Rc7 38. Rb6 Rxc5 39. Rb7+ Kf6 40. a7
Ra5 41. Kg2 e5 42. Kf3 g5 43. g4 Ra4 44. Kg3 d4 45. exd4 exd4 46. Kf3 d3 47.
Ke3 Ra3 48. Rd7 Ke6 49. Rb7 Kf6 1/2-1/2

[Event "Bad Woerishofen 2017 - Senioren"]
[Site "Bad Woerishofen"]
[Date "2017.03.12"]
[Round "3.66"]
[White "Thonig, Manfred"]
[Black "Ehren, Dieter"]
[Result "1-0"]
[WhiteElo "1544"]
[BlackElo "1705"]
[Annotator "chessorg"]
[PlyCount "65"]
[EventDate "2017.??.??"]
[WhiteTeam "SK Großweil"]

1. f4 c5 2. e4 d6 3. Bb5+ Nc6 4. Nf3 a6 5. Bxc6+ bxc6 6. O-O e6 7. d3 Nf6 8.
Qe1 Be7 9. Bd2 O-O 10. Ba5 Qd7 11. Nc3 Qb7 12. Na4 Nd7 13. b3 Bd8 14. Bc3 d5
15. Qg3 f6 16. Rab1 Qa7 17. Kh1 d4 18. Bd2 Be7 19. f5 exf5 20. exf5 Nb6 21. Bh6
Rf7 22. Nh4 Nd5 23. Rbe1 Ne3 24. Bxe3 dxe3 25. Rxe3 Rb8 26. c4 Rb7 27. Nc3 Rd7
28. Ne2 Bd6 29. Re8+ Rf8 30. Rxf8+ Kxf8 31. Nf4 Qc7 32. Ne6+ Kf7 33. Qxg7+ 1-0

[Event "Bad Woerishofen 2017 - Senioren"]
[Site "Bad Woerishofen"]
[Date "2017.03.13"]
[Round "4.1"]
[White "Baum, Bernd"]
[Black "Berry, Stephen"]
[Result "1/2-1/2"]
[WhiteElo "2223"]
[BlackElo "2272"]
[Annotator "chessorg"]
[PlyCount "27"]
[EventDate "2017.??.??"]
[WhiteTeam "SC Fulda"]
[BlackTeam "Wimbledon"]

1. Nf3 Nf6 2. c4 e6 3. g3 d5 4. Bg2 Be7 5. O-O O-O 6. b3 c5 7. Bb2 Nc6 8. e3
dxc4 9. bxc4 Qb6 10. Qc1 Rd8 11. Nc3 Bd7 12. Rd1 Rac8 13. d3 a6 14. Rb1 1/2-1/2

[Event "Bad Woerishofen 2017 - Senioren"]
[Site "Bad Woerishofen"]
[Date "2017.03.13"]
[Round "4.2"]
[White "Frick, Christoph"]
[Black "Loew, Peter"]
[Result "1-0"]
[WhiteElo "2256"]
[BlackElo "2051"]
[Annotator "chessorg"]
[PlyCount "103"]
[EventDate "2017.??.??"]
[WhiteTeam "Tuebingen"]
[BlackTeam "SC Waldkraiburg"]

1. e4 c5 2. Nc3 Nc6 3. g3 g6 4. Bg2 Bg7 5. d3 d6 6. Nh3 Nh6 7. O-O O-O 8. f4
Ng4 9. Nd5 e6 10. Qxg4 exd5 11. f5 d4 12. Nf4 Ne7 13. Qe2 Be5 14. Nh3 f6 15.
Bh6 Rf7 16. g4 g5 17. Nxg5 fxg5 18. Bxg5 Qf8 19. Qd2 Kh8 20. Rf3 Ng8 21. Raf1
Bd7 22. Bf4 Qg7 23. g5 Bxf4 24. Qxf4 Qe5 25. Qh4 Raf8 26. Rf4 h6 27. R1f3 Bxf5
28. exf5 Rxf5 29. Re4 Qg7 30. gxh6 Qxh6 31. Rxf5 Rxf5 32. Qxh6+ Nxh6 33. Re6
Nf7 34. Bxb7 a5 35. h4 Kg7 36. Kg2 Rf4 37. Kg3 Rf1 38. Bd5 Kf8 39. Kg2 Rf5 40.
Be4 Re5 41. Rf6 Ke7 42. Rf2 Nh6 43. Kg3 d5 44. Bg6 Ke6 45. Rf8 Kd6 46. Kf4 Re2
47. Kg5 Rxc2 48. Kxh6 Rxb2 49. Kg7 c4 50. Rd8+ Kc5 51. Bf7 Rxa2 52. Rxd5+ 1-0

[Event "Bad Woerishofen 2017 - Senioren"]
[Site "Bad Woerishofen"]
[Date "2017.03.13"]
[Round "4.3"]
[White "Rueberg, Jobst"]
[Black "Kierzek, Matthias"]
[Result "1/2-1/2"]
[WhiteElo "2091"]
[BlackElo "2245"]
[Annotator "chessorg"]
[PlyCount "30"]
[EventDate "2017.??.??"]
[WhiteTeam "SV Ahlen 1954 e.V."]
[BlackTeam "SC Fulda"]

1. e4 c6 2. c4 d5 3. exd5 cxd5 4. cxd5 Nf6 5. Nc3 Nxd5 6. Nf3 Nc6 7. Bc4 Nb6 8.
Bb3 g6 9. d4 Bg7 10. Be3 O-O 11. O-O Bg4 12. h3 Bxf3 13. Qxf3 Nxd4 14. Bxd4
Qxd4 15. Qxb7 e6 1/2-1/2

[Event "Bad Woerishofen 2017 - Senioren"]
[Site "Bad Woerishofen"]
[Date "2017.03.13"]
[Round "4.4"]
[White "Norman, Kenneth"]
[Black "Trebbin, Wolfhard"]
[Result "1-0"]
[WhiteElo "2136"]
[BlackElo "1960"]
[Annotator "chessorg"]
[PlyCount "61"]
[EventDate "2017.??.??"]
[BlackTeam "SG Lasker Steglitz-Wilmersdorf"]

1. Nf3 d5 2. g3 Nf6 3. Bg2 c6 4. O-O Nbd7 5. d4 e6 6. b3 b6 7. Bb2 Be7 8. Nbd2
Bb7 9. c4 Rc8 10. Rc1 O-O 11. Qc2 c5 12. Qb1 dxc4 13. Nxc4 Be4 14. Qa1 cxd4 15.
Bxd4 Bc5 16. Bb2 Qe7 17. a3 Bd5 18. e3 b5 19. Na5 Qd8 20. b4 Bb6 21. Nd4 Bxg2
22. Kxg2 Bxa5 23. bxa5 Nc5 24. Rfd1 Qd5+ 25. Nf3 Nd3 26. Rxc8 Rxc8 27. Bd4 Qe4
28. Qb1 Nxf2 29. Bxf6 gxf6 30. Kxf2 Rc2+ 31. Rd2 1-0

[Event "Bad Woerishofen 2017 - Senioren"]
[Site "Bad Woerishofen"]
[Date "2017.03.15"]
[Round "4.5"]
[White "Kroencke, Manfred"]
[Black "Okrajek, Alexander"]
[Result "0-1"]
[WhiteElo "2076"]
[BlackElo "2213"]
[Annotator "chessorg"]
[PlyCount "110"]
[EventDate "2017.??.??"]
[WhiteTeam "SG Glueckstadt von 1920 e. V."]
[BlackTeam "SC 1919 Siegburg e.V."]

1. e4 d6 2. d4 g6 3. Nf3 Nf6 4. e5 dxe5 5. Nxe5 Bg7 6. Bc4 O-O 7. O-O Nbd7 8.
h3 c5 9. Nxd7 Bxd7 10. dxc5 Qc7 11. Be3 Ne4 12. c3 Rad8 13. Qe2 Nxc5 14. Rd1 b5
15. Bxc5 Qxc5 16. Bb3 Bc6 17. Nd2 a5 18. a3 e6 19. Nf1 Qg5 20. Qg4 Qxg4 21.
hxg4 b4 22. axb4 axb4 23. cxb4 Rxd1 24. Bxd1 Rb8 25. Rc1 Be4 26. b3 Rxb4 27.
Rc8+ Bf8 28. Ne3 g5 29. Rc4 Rxc4 30. bxc4 Bc5 31. Bc2 Bc6 32. Nf1 h6 33. Nd2
Kg7 34. Kf1 Bb6 35. f3 Kf6 36. Ke2 Ke5 37. Bd3 f5 38. gxf5 exf5 39. g3 Ba5 40.
Nf1 f4 41. g4 Kd4 42. Nh2 Bb4 43. Bg6 Kxc4 44. Bd3+ Kd4 45. Ba6 Ba4 46. Nf1 Be8
47. Nh2 Kc3 48. Nf1 Kc2 49. Bd3+ Kc1 50. Kf2 Ba4 51. Be2 Bc5+ 52. Kg2 Bd1 53.
Bd3 Be3 54. Bg6 Be2 55. Nh2 Kd1 0-1

[Event "Bad Woerishofen 2017 - Senioren"]
[Site "Bad Woerishofen"]
[Date "2017.03.13"]
[Round "4.6"]
[White "Daeubler, Heinrich"]
[Black "Hunold, Rolf"]
[Result "1/2-1/2"]
[WhiteElo "2161"]
[BlackElo "2081"]
[Annotator "chessorg"]
[PlyCount "69"]
[EventDate "2017.??.??"]
[WhiteTeam "SC Haselmuehl"]
[BlackTeam "Schachverein Letmathe 1933 e.V."]

1. d4 Nf6 2. c4 e6 3. Nf3 b6 4. g3 Bb7 5. Bg2 Bb4+ 6. Bd2 Qe7 7. O-O O-O 8. Bg5
h6 9. Bxf6 Qxf6 10. a3 Be7 11. Nc3 d6 12. e4 g5 13. d5 e5 14. Ne1 Qg7 15. Nc2
Bc8 16. Ne3 Kh8 17. Bf3 f5 18. exf5 Bxf5 19. Nxf5 Rxf5 20. Ne4 Rf8 21. Bg4 Bd8
22. Kg2 Nd7 23. Bxd7 Qxd7 24. h3 Qh7 25. f3 h5 26. Qd2 Qg6 27. g4 h4 28. Qd3
Rf4 29. Rac1 Be7 30. b4 a5 31. Ra1 Rff8 32. Qc3 Qf7 33. Qe3 Qg8 34. Qd3 Kg7 35.
b5 1/2-1/2

[Event "Bad Woerishofen 2017 - Senioren"]
[Site "Bad Woerishofen"]
[Date "2017.03.13"]
[Round "4.9"]
[White "Neese, Hans-Joachim"]
[Black "Ilyes, Peter"]
[Result "1-0"]
[WhiteElo "2106"]
[BlackElo "1968"]
[Annotator "chessorg"]
[PlyCount "87"]
[EventDate "2017.??.??"]

1. d4 Nf6 2. c4 g6 3. g3 Bg7 4. Bg2 O-O 5. Nc3 d6 6. Nf3 c5 7. d5 a6 8. O-O b5
9. cxb5 axb5 10. Nxb5 Na6 11. Nc3 Bd7 12. h3 Qa5 13. Re1 Rfc8 14. e4 Nb4 15. e5
Ne8 16. a3 c4 17. Bf1 Bf5 18. Nd4 Bd3 19. Bg5 Nxd5 20. Nxd5 Qxd5 21. Nc2 dxe5
22. Nb4 Qd4 23. Nxd3 cxd3 24. Qxd3 Qxb2 25. Bxe7 Nc7 26. Bg2 Rab8 27. Rab1 Qa2
28. Rxb8 Rxb8 29. Qd6 Qc4 30. Bg5 Bf8 31. Qxe5 Re8 32. Qa1 Rxe1+ 33. Qxe1 Bxa3
34. Qe5 Bf8 35. Be3 Bg7 36. Qe7 h6 37. Qd8+ Kh7 38. Qd7 Kg8 39. Qc8+ Kh7 40.
Bf4 g5 41. Qxc7 Qe2 42. Be3 f5 43. Bf1 Qd1 44. Qf7 1-0

[Event "Bad Woerishofen 2017 - Senioren"]
[Site "Bad Woerishofen"]
[Date "2017.03.13"]
[Round "4.10"]
[White "Gerl, Hans"]
[Black "Maes, Valery"]
[Result "1/2-1/2"]
[WhiteElo "2043"]
[BlackElo "2097"]
[Annotator "chessorg"]
[PlyCount "41"]
[EventDate "2017.??.??"]
[WhiteTeam "SC Bayerwald Regen/Zwiesel e.V."]
[BlackTeam "Krefelder SK Turm 1851 e.V."]

1. d4 d5 2. c4 e6 3. Nf3 Nf6 4. Bg5 Be7 5. Nc3 O-O 6. e3 b6 7. Bxf6 Bxf6 8.
cxd5 exd5 9. b4 c6 10. Bd3 Re8 11. O-O Bb7 12. Qc2 g6 13. Rac1 Na6 14. a3 Nc7
15. Rfd1 Ne6 16. Qb3 Qd6 17. Bf1 Bg7 18. Qa2 Rad8 19. b5 c5 20. dxc5 bxc5 21.
Ne4 1/2-1/2

[Event "Bad Woerishofen 2017 - Senioren"]
[Site "Bad Woerishofen"]
[Date "2017.03.13"]
[Round "4.11"]
[White "Vonach, Bernhard"]
[Black "Witte, Manfred"]
[Result "1/2-1/2"]
[WhiteElo "1992"]
[BlackElo "2155"]
[Annotator "chessorg"]
[PlyCount "43"]
[EventDate "2017.??.??"]
[WhiteTeam "SF Windach"]
[BlackTeam "VfB Hermsdorf e.V."]

1. e4 c5 2. Nf3 Nc6 3. d4 cxd4 4. Nxd4 g6 5. c4 Bg7 6. Be3 Nf6 7. Nc3 Ng4 8.
Qxg4 Nxd4 9. Qd1 Ne6 10. Be2 Qa5 11. Qd2 d6 12. O-O Bd7 13. Rab1 Bxc3 14. bxc3
Bc6 15. f3 f6 16. Rb2 g5 17. Rfb1 b6 18. Bd1 Qe5 19. Bd4 Qf4 20. Be3 Qe5 21.
Bd4 Qf4 22. Be3 1/2-1/2

[Event "Bad Woerishofen 2017 - Senioren"]
[Site "Bad Woerishofen"]
[Date "2017.03.13"]
[Round "4.12"]
[White "Goris, Ton"]
[Black "Pribyl, Josef"]
[Result "0-1"]
[WhiteElo "1992"]
[BlackElo "2263"]
[Annotator "chessorg"]
[PlyCount "72"]
[EventDate "2017.??.??"]
[BlackTeam "SC 1868 Bamberg"]

1. e4 g6 2. d4 c6 3. Nc3 Bg7 4. Nf3 d6 5. Be3 b5 6. a3 Bb7 7. Be2 Nd7 8. O-O a6
9. Qd2 Ngf6 10. Bh6 O-O 11. Bxg7 Kxg7 12. e5 dxe5 13. dxe5 Nxe5 14. Qxd8 Nxf3+
15. Bxf3 Rfxd8 16. Rad1 Kf8 17. Ne4 Nxe4 18. Bxe4 f5 19. Bf3 e5 20. g3 Ke7 21.
h4 a5 22. Rfe1 Rxd1 23. Rxd1 Rd8 24. Rxd8 Kxd8 25. Kf1 Kc7 26. Ke1 c5 27. Be2
b4 28. Kd2 f4 29. Bc4 h6 30. c3 bxa3 31. bxa3 Kd6 32. gxf4 exf4 33. Bd3 g5 34.
hxg5 hxg5 35. Ke2 g4 36. Bg6 Bf3+ 0-1

[Event "Bad Woerishofen 2017 - Senioren"]
[Site "Bad Woerishofen"]
[Date "2017.03.15"]
[Round "4.13"]
[White "Kelchner, Hans"]
[Black "Streiter, Manfred"]
[Result "1-0"]
[WhiteElo "2152"]
[BlackElo "1977"]
[Annotator "chessorg"]
[PlyCount "53"]
[EventDate "2017.??.??"]
[BlackTeam "SGem Vaihingen-Rohr"]

1. d4 Nf6 2. Nf3 d5 3. c4 e6 4. g3 Bb4+ 5. Bd2 Bd6 6. Nc3 c6 7. Bg2 O-O 8. O-O
Nbd7 9. e4 dxe4 10. Ng5 e5 11. Ncxe4 Be7 12. Bc3 Nxe4 13. Nxe4 f5 14. Nd2 exd4
15. Bxd4 Bf6 16. Nf3 Bxd4 17. Qxd4 Qf6 18. Rad1 f4 19. Rfe1 fxg3 20. hxg3 Qxd4
21. Rxd4 Nf6 22. Re7 Rb8 23. Ne5 Bf5 24. g4 c5 25. Rf4 Bb1 26. g5 Nh5 27. Bd5+
1-0

[Event "Bad Woerishofen 2017 - Senioren"]
[Site "Bad Woerishofen"]
[Date "2017.03.13"]
[Round "4.14"]
[White "Plischke, Berthold"]
[Black "Bhend, Edwin"]
[Result "0-1"]
[WhiteElo "1987"]
[BlackElo "2138"]
[Annotator "chessorg"]
[PlyCount "44"]
[EventDate "2017.??.??"]
[WhiteTeam "SV Wesel 1928 e.V."]
[BlackTeam "ohne"]

1. e4 c5 2. Nf3 Nc6 3. d4 cxd4 4. Nxd4 e5 5. Nb5 d6 6. a4 Be6 7. N5c3 a6 8. Na3
Rc8 9. Nc4 Nb4 10. Ne3 Nf6 11. Ned5 Nfxd5 12. exd5 Bf5 13. Bd3 Nxd3+ 14. cxd3
Be7 15. O-O O-O 16. a5 Bg6 17. Be3 f5 18. Qb3 f4 19. Ba7 Qd7 20. Na4 f3 21.
gxf3 Rxf3 22. Qb4 Rf4 0-1